| 000 | 00000nam 2200000zi 4500 |
| 001 | 9.843421 |
| 003 | CaOODSP |
| 005 | 20250403125829 |
| 006 | m o d f |
| 007 | cr bn||||||||| |
| 008 | 170912r20192016onc ob f000 0 eng d |
| 020 | |a9780660096124 |
| 040 | |aCaOODSP|beng|erda|cCaOODSP |
| 043 | |an-cn--- |
| 086 | 1 |aBT22-156/2016E-PDF |
| 245 | 00|aPolicy on communications and federal identity. |
| 250 | |a[2016-05-12 edition]. |
| 264 | 1|a[Ottawa] : |bTreasury Board of Canada Secretariat = Secrétariat du Conseil du trésor du Canada, |c2016. |
| 264 | 4|c©2016 |
| 300 | |a1 online resource (6 pages) |
| 336 | |atext|btxt|2rdacontent |
| 337 | |acomputer|bc|2rdamedia |
| 338 | |aonline resource|bcr|2rdacarrier |
| 500 | |aCover title. |
| 500 | |a"Published: 2016-05-12." |
| 500 | |a"Date modified: 2019-08-10"--Page 6. |
| 500 | |aIssued also in French under title: Politique sur les communications et l'image de marque. |
| 504 | |aIncludes bibliographical references (pages 4-5). |
| 520 | |a"The communications function is integral to developing, implementing and evaluating the government's policies, programs, services and initiatives. The administration of communications is a shared responsibility that requires the collaboration, support and cooperation of various personnel within individual departments, throughout government as a whole, and across the country"--Context, page 2. |
| 650 | 0|aCommunication policy|zCanada. |
| 710 | 1 |aCanada. |bTreasury Board, |eissuing body. |
| 775 | 08|tPolitique sur les communications et l'image de marque.|w(CaOODSP)9.843422 |
| 794 | |tPolicy on communications and federal identity.|w(CaOODSP)9.949782 |
| 795 | |tCommunications policy of the Government of Canada.|b[2006 edition]|w(CaOODSP)9.940690 |
| 856 | 40|qPDF|s190 KB|uhttps://publications.gc.ca/collections/collection_2017/sct-tbs/BT22-156-2016-eng.pdf |
| 856 | 4 |qHTML|sN/A|uhttps://www.tbs-sct.canada.ca/pol/doc-eng.aspx?id=30683 |